| 000 | 00636nam a2200181 a 4500 | ||
|---|---|---|---|
| 008 | 120416s2000 ||||||||||||||||| || u | ||
| 020 | _a0804737029 | ||
| 050 | _aQE 508 Sch | ||
| 100 | _aSchell, Jonathan | ||
| 245 | 1 | 4 | _aThe fate of the earth and the abolition |
| 260 |
_aStanford _bStanford University Press _c2000 |
||
| 300 | _axl, 173 p. | ||
| 350 | _a0.00 | ||
| 650 | _aNUCLEAR DISARMAMENT | ||
| 650 | _aNUCLEAR WARFARE | ||
| 650 | _aDETERRENCE (STRATEGY) | ||
| 995 |
_D0.00 _FCBU-MAIN LIBRARY (Kitwe) _H1 _I8.95 _M1 _UAVAILABLE _WMar 15, 2007 _ZAnnex Low-Usage Collection |
||
| 999 |
_c43170 _d43170 |
||